01177nac a22003377a 4500001001000000003000900010005001700019008003400036040005400070072000800124090001800132100002000150100001800170100001900188110005300207245007300260260004000333300001000373490007200383500002600455650002500481650001800506650001600524650002000540650002500560650002700585909004700612942001700659999001900676952014400695BR0701569BR-BrBNA20240105123402.0230509b bl.|||m| |||| 00| 0 por d aBR-BrBNAbporcBiblioteca Nacional de Agricultura aP01 aP01 BR07015691 aFernandes, E.N.1 aRomeiro, A.R.1 aAssis, C.R. de1 aEMBRAPA Gado de Leite, Juiz de Fora, MG (Brasil)1 aPolíticas ambientais aplicadas à questão do aquecimento global3 aJuiz de Fora, MG (Brasil): c2006.  a48 p. aDocumentos - EMBRAPA Gado de Leite (Brazil)vno.115xISSN 1516-7453 aBibliography p. 41-46 aPOLÍTICA AMBIENTAL aMEIO AMBIENTE aAQUECIMENTO aRECURSO NATURAL aDIÓXIDO DE CARBONO aPOLUIÇÃO AMBIENTAL a202312bLúcia Elandec55dLúcia Elande 2AGRISn0cMS c295218d295218 002AGRIS40708Acervo Gerala41918b41918cAGROBASEl0oP01 BR0701569pP01 BR0701569r2023-12-18yMSePortaria Interministerial nº 164/94